000 00746nas a2200241 4500
001 BR9208412
003 BR-BrBNA
005 20231205093111.0
007 ta
008 230509b bl.|||p| |||| 00| 00por d
040 _aBR-BrBNA
_bpor
_cBiblioteca Nacional de Agricultura
041 _a(Pt)
072 _aL70
100 1 _aLozovei, A.L.
100 1 _aHohmann, E.
245 1 _aPrincipais generos de microalgas em biotopos de larvas de mosquitos de Curitiba, Estado do Parana, Brasil
650 _aALGA
650 _aAGUA DOCE
650 _aTAXONOMIA VEGETAL
773 0 _tActa Biologica Paranaense (Brazil)
_xISSN 0301-2123
_g(1977), v. 6(1-4) p. 123-152
_wBR9208412
909 _a202311
_bLúcia
_c55
_dLúcia Elande
942 _2AGRIS
_n0
_cANA
999 _c136232
_d136232